Globalizace pro a proti

Úvahy a kritické názory Slačáleka O. na knihu Martina Ehla: Globalizace pro a proti.

Guardado en:
Detalles Bibliográficos
Autor principal: Slačálek, Ondřej
Formato: Capítulo de libro
Lenguaje:checo
Materias:
Etiquetas: Agregar Etiqueta
Sin Etiquetas, Sea el primero en etiquetar este registro!

MARC

LEADER 00000naa a2200000 4500
001 r047220
005 20230927112659.1
041 0 |a cze 
044 |a CZ 
245 1 0 |a Globalizace pro a proti  |c Ondřej Slačálek 
520 |a Úvahy a kritické názory Slačáleka O. na knihu Martina Ehla: Globalizace pro a proti. 
610 2 0 |a globalizácia 
610 2 0 |a koncentrácia 
610 2 0 |a integrácia ekonomická 
610 2 0 |a recenzie 
100 1 |a Slačálek, Ondřej